Measuring Biological Diversity / Anne E. Magurran (Registro nro. 18881)
[ vista simple ]
| 000 -LÍDER | |
|---|---|
| fixed length control field | 00432nam a2200145 4500 |
| 008 - ELEMENTOS DE LONGITUD FIJA -- INFORMACIÓN GENERAL | |
| fixed length control field | 02003 2004 0a 000 0Usa |
| 020 ## - NÚMERO INTERNACIONAL NORMALIZADO PARA LIBROS | |
| ISBN | 0632-05633-9 |
| 050 ## - SIGNATURA TOPOGRAFICA DE LA BIBLIOTECA DEL CONGRESO (LC) | |
| Número de Clasificación | QH541.15 M34 2004 |
| 082 ## - NUMERO DE CLASIFICACION DECIMAL DEWEY | |
| Número de Clasificación | 577 M213m |
| 100 ## - ASIENTO PRINCIPAL--NOMBRE PERSONAL | |
| Nombre personal | Magurran, Anne E. |
| 245 ## - TÍTULO | |
| Título | Measuring Biological Diversity / Anne E. Magurran |
| 260 ## - PUBLICACIÓN, DISTRIBUCIÓN, ETC. (PIE DE IMPRENTA) | |
| Lugar de publicación, distribución, etc. | USA : Blackwell Publishing |
| 300 ## - DESCRIPCIÓN FÍSICA | |
| Extensión | 256 p. / 25 cm. |
| 650 ## - ASIENTO SECUNDARIO DE MATERIA - TERMINO TEMÁTICO | |
| Término temático o nombre geográfico como elemento de entrada | 1. DIVERSIDAD BIOLOGICA - DIMENSIONES |
| No. biblioteca | No. biblioteca | Número de clasificación | Código de barras/Número de adquisición | Número de copia | Tipo de material |
|---|---|---|---|---|---|
| LUIS G. INCLAN | LUIS G. INCLAN | 577 M213m | 45630 | 1 | Libros |
